О дополнении Уголовных Кодексов ТССР и УзССР статьями, предусматривающими усиление мер соцзащиты за убийство женщин

Доступно только в Электронных читальных залах Найти на картеНа карте
RUSMARC
00004021nmc2a22002653x 450
001c2d3910e-18e8-4a8f-bcd7-e6021cc1f36b
00520230718164122.0
100##$a20230613l19291930k y0rusy50 ca
1010#$arus
$amul
102##$aRU
105##$aa z |||||
1222#$ad19290605
$ad19300223
2001#$aО дополнении Уголовных Кодексов ТССР и УзССР статьями, предусматривающими усиление мер соцзащиты за убийство женщин
$j05.06.1929 - 23.02.1930
215##$a68 листов
$cтабл.
$d38,9 х 25,3
251##$cДело
300##$aНа папке дела: 8 июня 1929 г. - 23 февраля 1930 г.
300##$aЧасть текста на языках народов СССР
300##$aЧасть текста машинописная и рукописная, часть - напечатана типографским способом
324##$aВ деле имеются копии отдельных документов
461#0$1001796d4672-8a00-4986-b488-6e42273792cc
$12001
$aЦЕНТРАЛЬНЫЙ ИСПОЛНИТЕЛЬНЫЙ КОМИТЕТ СССР (ЦИК СССР).
$1251
$cФонд
$1852
$gР
$j3316
462#0$10016e6e8ba4-e15f-4ad4-8937-f1e88c150bfe
$12001
$aДела Секретариата Президиума ЦИК Союза ССР. 1929 г.
$vД. 202
$1251
$cОпись
$1852
$j22
60101$3RU\NLR\AUTH\880357276
$aСССР
$bЦИК
801#0$aRU
$bGA_RF
801#1$aRU
$bГлавНИВЦ
$c20230613
$2rusmarc
801#2$aRU
$bПБ им. Б.Н. Ельцина
$c20230718
$gRCR
$2rusmarc
852##$aГА РФ
$j202
937##$d186605585
$hГАРФ
035##$aRuPRLIB51072457
856##$uhttp://readingroom.main.prlib.ru/item.aspx?id_node=n186605585&mode=full
Формат отображения